000 00524nam a22001697a 4500
001 45640
003 BD-DhUET
008 260331b xxu||||| |||| 00| 0 eng d
040 _c0
_dBD-DhUET
100 _aJobaer Hossain
245 _aThermal-hydraulic features of a microchannel heat sink with water droplet enclosure and rib column using ionanofluid
260 _aDhaka
_bDepartment of Mathematics, BUET
_c2026
300 _axvi,88p.
501 _aOne CD-ROM
504 _aIncludes bibliographies
942 _cTH
999 _c45640
_d45640